Statistiken für Längste Flüsse der Welt

Klicken Sie hier um das Quiz zu spielen!

Allgemein

  • Dieses Quiz wurde 2,587 mal gespielt
  • Das Durchschnittsergebnis liegt bei 11 aus 30

Antwortstatistiken

Länge Fluss % Korrekt
6'852 kmNil
96%
2'857 kmDonau
94%
6'992 kmAmazonas
93%
6'051 kmMississippi
81%
3'530 kmWolga
79%
3'450 kmBrahmaputra / Ganges
59%
6'380 kmJangtsekiang
52%
4'835 kmKongo
52%
4'184 kmNiger
46%
4'845 kmGelber Fluss
45%
4'692 kmLena
44%
4'500 kmMekong
41%
3'596 kmSchatt al-Arab
37%
5'410 kmOb
36%
3'034 kmRio Grande
29%
2'574 kmSambesi
28%
3'180 kmIndus
28%
5'052 kmAmur
23%
5'540 kmJenisei
22%
3'998 kmParaná
21%
3'185 kmYukon
20%
3'672 kmMurray
17%
3'010 kmOrinoco
14%
2'930 kmSankt-Lorenz-Strom
13%
4'260 kmMackenzie
11%
3'019 kmSyrdarja
5%
2'743 kmAmudarja
4%
3'199 kmSão Francisco
4%
2'980 kmSaluen
3%
2'671 kmNelson
3%

Verteilung der Resultate

Perzentil nach korrekt beantworteten Fragen

Anzahl Personen mit jedem Resultat

Ihre Resultats-Entwicklung

Sie haben dieses Quiz noch nicht gespielt